000 00638nam a22002177a 4500
003 UA-OsUOA
001 93945
007 ta
008 20130130b un ||||| |||| 00| 0 ukr d
090 _a821.161.2
_bЧ-45
942 _cBK
040 _aUA-OsUOA
_bukr
_cUA-OsUOA
_dUA-OsUOA
245 _aЧервоні квіти
_bвірші та оповідання
_cупор. та примітки Півторадні В.
300 _a292 с.
955 _a3
041 _aukr
080 _a821.161.2
260 _aК.
_bМолодь
_c1972
650 7 _a82 Література. Літературознавство
_2UDC
999 _c380189
_d380189